000 00592nam a2200241Ia 4500
005 20260320201025.0
008 008 262003s9999 xx 000 0 eng d
037 _aEBOOK
040 _aCRL
040 _beng
040 _cCRL
041 _2eng
041 _aeng
084 _qCRL
100 _aWhitcomb
_91134058
245 0 _aEffective Interpersonal and Team Communication Skills for Engineers
260 _bIEEE
260 _c2013
856 _uhttps://ieeexplore.ieee.org/servlet/opac?bknumber=6480475
942 _cEBOOK
999 _c1718355
_d1718355